LEADER 01698nam 2200445 450 001 000000582 005 20050718115000.0 100 $a--------d1914----km-y0itay0103----ba 101 0 $aita 102 $aIT 200 1 $aRisposta alla "lettera aperta" del prof. Quintavalle$fG. Paladino 210 $aCittą di Castello$cCasa editrice S. Lapi$d1914 215 $a3 p.$d25 cm 303 $aFront. in cop. 303 $aSulla cop. dedica manoscritta dell'aut. prima del nome dell'aut.: "Amichevolmente" 305 $aEstratto dalla Rassegna storica del Risorgimento Organo della Societą nazionale per la Storia del Risorgimento Anno I. Fasc. I 606 $aItalia meridionale$xStoria$z1848 606 $aPaladino Giuseppe$xLettera a Ferruccio Quintavalle 700 1$aPaladino,$bGiuseppe$072301 801 0$aIT$bUniversitą della Basilicata - B.I.A.$gRICA$2unimarc 912 $a000000582 996 $aRisposta alla "lettera aperta" del prof. Quintavalle$970811 997 $aUNIBAS BAS $aMONLET BAS $aMONOGR BAS $aLETTERE CAT $aGINO$b01$c19990618$lBAS01$h1725 CAT $aGINO$b01$c19990618$lBAS01$h1727 CAT $aGINO$b01$c19990618$lBAS01$h1739 CAT $aGINO$b10$c19990823$lBAS01$h1125 CAT $c20000913$lBAS01$h1424 CAT $c20000920$lBAS01$h1827 CAT $c20001010$lBAS01$h1630 CAT $c20050601$lBAS01$h1752 CAT $abatch$b01$c20050718$lBAS01$h1046 CAT $c20050718$lBAS01$h1106 CAT $c20050718$lBAS01$h1136 CAT $c20050718$lBAS01$h1150 FMT Z30 -1$lBAS01$LBAS01$mBOOK$1BASA1$APolo Storico-Umanistico$2FDEP$BFondo De Pilato$3FD/2037$62037$5D2037$819990618$f52$FRari